000 00403nam a2200145Ia 4500
008 240126s9999 xx 000 0 und d
041 _aEnglish
245 0 _aICFAI Journal of Industrial Economics (2005 - 2011)
260 _bICFAI
_aHyderabad
440 _aNULL
520 _aSubs.No : IJIE/154 123815/052006
650 _aICFAI,Economics,(2005,-
650 _aManagement,Economics
942 _cJN
999 _c258623
_d258623